LC-atmospheric pressure chemical ionization-MS/MS analysis of multiple illicit drugs, methadone, their metabolites in oral fluid following protein precipitation /

Sparad:
Bibliografiska uppgifter
Övriga upphovsmän: Choo, Robin E., Dams, Riet., Huestis, Marilyn A., Lambert, Willy E., Leenheer, Andre P. De., Murphy, Constance M.
Materialtyp: Artikel
Språk:English
Ämnen:
Taggar: Lägg till en tagg
Inga taggar, Lägg till första taggen!
Thư viện lưu trữ: Thư viện Trường Đại học Đà Lạt
LEADER 01106nam a2200349 4500
001 DLU090096816
005 ##20091201
040 # # |a DLU  |b eng 
041 # # |a eng 
044 # # |a us 
245 # # |a LC-atmospheric pressure chemical ionization-MS/MS analysis of multiple illicit drugs, methadone, their metabolites in oral fluid following protein precipitation /  |c Riet Dams ... [et al.].  
653 # # |a Biological fluid 
653 # # |a Liquid chromatography 
653 # # |a Mass spectrometry 
653 # # |a Metabolite 
653 # # |a Saliva 
700 # # |a Choo, Robin E. 
700 # # |a Dams, Riet.  
700 # # |a Huestis, Marilyn A. 
700 # # |a Lambert, Willy E. 
700 # # |a Leenheer, Andre P. De. 
700 # # |a Murphy, Constance M. 
773 # # |t Analytical Chemistry  |g Vol. 75, no. 4 (February 2003), p. 798-804 
920 # # |a Phòng Tạp chí -- Trung tâm Thông tin - Thư viện Trường Đại học Đà Lạt 
994 # # |a DLU 
900 # # |a True 
911 # # |a Trương Bảo Trâm Anh 
925 # # |a G 
926 # # |a A 
927 # # |a BB 
980 # # |a Thư viện Trường Đại học Đà Lạt